01665nam a2200325Ia 4500001001200000003000800012006001900020007001500039008004100054020001800095020002600113040002100139035002100160050002500181111005300206245039200259250001200651260005000663300001800713490002500731504005100756533015200807650004400959650005901003655002901062710003301091710001701124830007201141856012601213ebr10734908CaPaEBRm o u cr cn|||||||||130728s2013 sz sb 101 0 eng d z9789221268550 z9789221268567 (ebook) aCaPaEBRcCaPaEBR a(OCoLC)85708048314aK1704.8b.I58 2013eb2 aInternational Labour Conferencen(102nd :d2013)10aReport of the committee of experts on the application of conventions and recommendations (articles 19, 22 and 35 of the Constitution)h[electronic resource] :bthird item on teh agenda : information and reports on the application of convention and reccommendations : general report and observations concerning particular countries /cInternational Labour Conference, 102nd session, 2013. a1st ed. aGeneva :bInternational Labour Office,c2013. axxvii, 917 p.1 aReport III ;vpt. 1A aIncludes bibliographical references and index. aElectronic reproduction.bPalo Alto, Calif. :cebrary,d2013.nAvailable via World Wide Web.nAccess may be limited to ebrary affiliated libraries. 0aLabor laws and legislationvCongresses. 0aLabor laws and legislation, InternationalvCongresses. 7aElectronic books.2local2 aInternational Labour Office.2 aebrary, Inc. 0aReport (International Labour Conference) ;v102 session, 3 (pt. 1A)40uhttp://site.ebrary.com/lib/rucke/Doc?id=10734908zAn electronic book accessible through the World Wide Web; click to view